00757nam a2200205 450000500170000001000150001702000270003203500140005903700090007308200080008210000270009024500660011725000100018326000340019327001310022730000200035894200280037899900190040695201260042520241024111010.0 aENG-142387 c1995.00a9789389136494 aEN-125919 bDBAD a250 aAron, Deepankar973332 aOn The Trail Of Buddha A Journey To The East/bDeepankar Aron aFirst bNiyogi BooksaNew Delhic2020 aBlock D, Building No. 77, Okhla Industrial Area, Phase-1bNew Delhie110020k911126816301k26818960mniyogibooksindia@gmil.com a308p.c24cm(hb) 2ddccENh250mAROe2020 c206671d206671 001040708NFICaLbLd2024-10-24eDBADg1995.00l0o250 AROpEN-125919r2024-10-24 00:00:00t1v1995.00w2024-10-24yEN